00871nam a2200253Ia 450000500170000000800410001702000230005804000190008104100120010008200140011224501420012626000450026830000220031350400400033563000200037563000320039565000180042765100130044570000250045885000100048394200070049399900160050095201010051620231201111504.0131103s9999 xx 000 0 und d a195659155cRs. 595 aLoreto College aEnglish a396 bSOU aWomen's Voices, b Selections from Nineteenth and Early Twentieth century Indian Writing in English, c Eunice de Souza, Lindsay Pereira aNew DelhibOxford University Pressc2002 axxii,451p, 22 cm. aIncludes bibliographical references aFeminism, India aIndian Writing in English  aWomen Studies aFeminism ade Souza, Eunice, ed aLCLIB cBK c2345d52824 00102ddc4070aMAINbMAINd2013-11-04l0o396 SOU 42827pB1222r2013-11-04w2013-11-04yBKf